Informe final del Ejercicio Profesional Supervisado, realizado en Operadora de Turismo Verde Verapaz, San Cristóbal Verapaz, Alta Verapaz/ (Registro nro. 1181)

Detalles MARC
000 -LEADER
campo de control de longitud fija 03283nam a22003137i 4500
001 - NÚMERO DE CONTROL
campo de control TCPA 83
003 - IDENTIFICADOR DE NÚMERO DE CONTROL
campo de control gtcocun
005 - FECHA Y HORA DE LA ÚLTIMA TRANSACCIÓN
campo de control 20250818214337.0
006 - CÓDIGOS DE INFORMACIÓN DE LONGITUD FIJA--CARACTERÍSTICAS DEL MATERIAL ADICIONAL
campo de control de longitud fija a||||gr|||| 00| 0
008 - DATOS DE LONGITUD FIJA--INFORMACIÓN GENERAL
campo de control de longitud fija 250818b2019 gt ||||| m||| 00| 0 eng d
040 ## - FUENTE DE CATALOGACIÓN
Centro catalogador/agencia de origen gtcocun
Lengua de catalogación SPA
Centro/agencia transcriptor gtcocun
Normas de descripción RDA
041 ## - CÓDIGO DE IDIOMA
Código de lengua del texto/banda sonora o título independiente SPA
084 ## - OTRO NÚMERO DE CLASIFICACIÓN
Número de control del registro de autoridad o número normalizado TCPA 83
100 ## - ENTRADA PRINCIPAL--NOMBRE DE PERSONA
Nombre de persona Mó Soria, Carlos Leopoldo
Término indicativo de función/relación Autor
245 ## - MENCIÓN DEL TÍTULO
Título Informe final del Ejercicio Profesional Supervisado, realizado en Operadora de Turismo Verde Verapaz, San Cristóbal Verapaz, Alta Verapaz/
Mención de responsabilidad, etc. Carlos Leopoldo Mó Soria
Medio Impreso
264 ## - PRODUCCIÓN, PUBLICACIÓN, DISTRIBUCIÓN, FABRICACIÓN Y COPYRIGHT
Producción, publicación, distribución, fabricación y copyright Cobán, Alta Verapaz:
Nombre del de productor, editor, distribuidor, fabricante Universidad de San Carlos de Guatemala, Centro Universitario del Norte, Licenciatura en Contaduría Pública y Auditoría.
Fecha de producción, publicación, distribución, fabricación o copyright 2019
300 ## - DESCRIPCIÓN FÍSICA
Extensión 51 p.:
Otras características físicas Ilustraciones, gráficas.
Dimensiones 28 cm; PDF
336 ## - TIPO DE CONTENIDO
Fuente rdacontenido
Término de tipo de contenido Texto
Código de tipo de contenido txt
337 ## - TIPO DE MEDIO
Fuente rdamedio
Nombre/término del tipo de medio Computadora
Código del tipo de medio n
338 ## - TIPO DE SOPORTE
Fuente rdasoporte
Nombre/término del tipo de soporte Código en línea
Código del tipo de soporte cr
502 ## - NOTA DE TESIS
identificador de la tesis .
502 ## - NOTA DE TESIS
Nota de tesis Tesis de grado
Tipo de título Licenciatura en Contaduría Pública y Auditoría.
Nombre de la institución que otorga el título Universidad de San Carlos de Guatemala, Centro Universitario del Norte, Licenciatura en Contaduría Pública y Auditoría.
Año de obtención del título 2019
Identificador de la tesis TCPA 83
520 14 - RESUMEN, ETC.
Sumario, etc. La Universidad de San Carlos de Guatemala a través de la carrera de Contaduría Pública<br/>y Auditoria tiene por objeto el Ejercicio Profesional Supervisado (EPS) para realizar un<br/>trabajo competente, de gestión profesional llevando a la práctica todos los conocimientos<br/>teóricos y técnicos, que se adquirieron a lo largo de la carrera. Fue necesario realizar<br/>acciones que permitieron proyectarse hacia la sociedad y de esta manera hacer aportes<br/>útiles en pro mejoramiento de la misma.<br/><br/>Para el cierre de pensum se aprobó el curso de la práctica siendo el ejercicio profesional<br/>supervisado, llevada a través de la modalidad dirigida, debido a la ejecución se realiza el<br/>presente informe, el cual representa el cumplimiento de una planificación para dicha<br/>práctica. La práctica se realizó en la empresa Operadora de Turismo Verde Verapaz,<br/>siendo una entidad dedicada al trasporte turístico de pasajeros, ubicada en el municipio de<br/>San Cristóbal Alta Verapaz.<br/><br/>Está compuesto por las siguientes etapas: diagnóstico; consistió en la evaluación general<br/>de la unidad de práctica, para obtener un perfil del funcionamiento y así identificar las<br/>áreas con situaciones relevantes, obteniendo con ello la problemática y las correcciones a<br/>corto plazo en las diferentes áreas planteando propuestas de mejora para brindar<br/>soluciones viables que pudiesen contribuir al saneamiento de ineficiencias detectadas.<br/><br/>La planificación, es un proceso sistemático con una serie de procedimientos ordenados y<br/>analizados para el cumplimiento de los objetivos del ejercicio profesional supervisado,<br/>con el fin de mejorar la operatividad y minimizar el riesgo de contingencias financieras y<br/>legales de la entidad.
650 ## - PUNTO DE ACCESO ADICIONAL DE MATERIA--TÉRMINO DE MATERIA
Fuente del encabezamiento o término LEMB
Término de materia o nombre geográfico como elemento de entrada San Cristóbal Verapaz, Alta Verapaz
Subdivisión general registros contables
-- politicas
-- procedimientos
-- fiscal
700 ## - ENTRADA AGREGADA--NOMBRE PERSONAL
Nombre de persona Lic. Selvin Wotzbelli Castellanos Reyes
Término indicativo de función/relación Asesor
856 ## - LOCALIZACIÓN Y ACCESO ELECTRÓNICOS
Identificador Uniforme de Recurso <a href="https://drive.google.com/file/d/1MKV02M6cHDTxgfqgIWXsBfm76m2HcpoI/view?usp=sharing">https://drive.google.com/file/d/1MKV02M6cHDTxgfqgIWXsBfm76m2HcpoI/view?usp=sharing</a>
Texto de enlace PDF
Nota pública Un ejemplar en línea.
942 ## - ELEMENTOS DE ENTRADA SECUNDARIOS (KOHA)
Fuente de la clasificación o esquema de estantería Clasificación Decimal Dewey
Tipo de ítem Koha TESIS
Parte de la signatura que identifica el ejemplar (Parte del ítem) TCPA_83
Prefijo de la signatura Clasificación
Suprimir en OPAC No
-- TCPA__83
Existencias
Estatus retirado Estado de pérdida Fuente de la clasificación o esquema de estantería Estado de daño No para préstamo Colección Biblioteca de origen Biblioteca actual Ubicación en estantería Fecha de adquisición Número de inventario Total de préstamos Signatura topográfica completa Código de barras Visto por última vez Precio de reemplazo Tipo de ítem Koha
    Clasificación Decimal Dewey     tesis BIBLIOTECA- CUNOR -JOSÉ LUIS GONZALES ROSALES BIBLIOTECA- CUNOR -JOSÉ LUIS GONZALES ROSALES Colección tesis 18/08/2025 TCPA 083   TCPA 083 TCPA 083 18/08/2025 18/08/2025 TESIS